Logo BPK

Biblioteka

Politechniki Koszalińskiej

Oxford practice tests for matura / (Rekord nr 40113)

Szczegóły MARC
000 -ETYKIETA REKORDU
podpole kontrolne o stałej długości 00747nam a2200241 i 4500
001 - NUMER KONTROLNY REKORDU
pole kontrolne bg
020 ## - MIĘDZYNARODOWY ZNORMALIZOWANY NUMER KSIĄŻKI - ISBN
ISBN 0194538109
040 ## - ŹRÓDŁO KATALOGOWANIA
Instytucja, która utworzyła rekord BPK
041 w# - KOD JĘZYKA
Kod języka tekstu plen
080 ## - UNIWERSALNA KLASYFIKACJA DZIESIĘTNA - UKD
UKD 811.111(075.3)(076):371.279.6:378.244
920 ## - Międzynarodowy znormalizowany numer książki – ISBN
ISBN 0-19-453810-9
008 - POLE O STAŁEJ DŁUGOŚCI - DANE KONTROLNE
podpole kontrolne o stałej długości s pl f |000 0 pol
100 1# - NAZWA OSOBOWA
Nazwa osobowa GUDE, Kathy
245 10 - TYTUŁ/ODPOWIEDZIALNOŚĆ
Tytuł Oxford practice tests for matura /
Pozostałe elementy strefy tytułu i oznaczenia odpowiedzialności Kathy Gude ; matura consult. Barbara Czarnecka-Cicha.
260 ## - STREFA ADRESU WYDAWNICZEGO
Miejsce wydania Oxford :
Nazwa wydawcy/dystrybutora Oxford Univ.,
Data publikacji, dystrybucji/powstania dokumentu 2001.
300 ## - STREFA OPISU FIZYCZNEGO
Objętość 111 s. :
Inne cechy fizyczne il. ;
Rozmiary 29 cm +
Dokument towarzyszący kaseta dźw.
650 #9 - HASŁO PRZEDMIOTOWE W FORMIE NAZWY OGÓLNEJ LUB JEDNOSTKOWEJ
Nazwa ogólna lub geograficzna Język angielski
650 #9 - HASŁO PRZEDMIOTOWE W FORMIE NAZWY OGÓLNEJ LUB JEDNOSTKOWEJ
Nazwa ogólna lub geograficzna Matura
655 ## - TERMIN INDEKSOWY - OKREŚLENIE RODZAJU/FORMY DOKUMENTU
Określenie rodzaju/formy dokumentu Ćwiczenia i zadania dla szkół średnich
700 1# - HASŁO DODATKOWE - NAZWA OSOBOWA
Nazwa osobowa CZARNECKA-CICHA, Barbara
856 ## - LOKALIZACJA I DOSTĘP DO ELEKTRONICZNYCH DOKUMENTÓW ZDALNYCH
Link (URL) http://koha.tu.koszalin.pl/cgi-bin/koha/opac-detail.pl?biblionumber=40113
Tekst linku Katalog online BPK
942 ## - DODATKOWE ELEMENTY (KOHA)
Typ dokumentu Książka
Egzemplarze
Wycofany Status egzemplarza Uszkodzony Dostępność Lokalizacja stała Lokalizacja bieżąca Miejsce przechowywania Sygnatura Kod kreskowy Ostatnio wypożyczono Typ dokumentu Dział
      Dostępny Biblioteka Politechniki Koszalińskiej Biblioteka Politechniki Koszalińskiej Wypożyczalnia BG 60132 01617375 27.11.2017 Książka  
      Tylko na miejscu Biblioteka Politechniki Koszalińskiej Biblioteka Politechniki Koszalińskiej Czytelnia Wydziałowa ul. Kwiatkowskiego 6e 60133 01617368 03.10.2017 Książka 811.111(07) Język angielski - podręczniki
© 2023 Biblioteka Politechniki Koszalińskiej :: KOHA